Biblioteca

1 and 2 Chronicles (Registro nro. 67852)

Detalles MARC
000 -LÍDER
Campo fijo de descripción fija 02226cam a2200349 i 4500
001 - NÚMERO DE CONTROL
Campo de control 768714001
003 - IDENTIFICADOR DEL NÚMERO DE CONTROL
Campo de control CO-MdFUSB
005 - FECHA Y HORA DE LA ULTIMA TRANSACCIÓN
control field 20220623083514.0
007 - CAMPO FIJO DE DESCRIPCIÓN FIJA--INFORMACIÓN GENERAL
Campo fijo de descripción fija ta
008 - ELEMENTOS DE LONGITUD FIJA -- INFORMACIÓN GENERAL
Campo fijo de descripción fija -- Información general 831123t1989 miu b 000 0 eng
020 ## - NÚMERO INTERNACIONAL NORMALIZADO PARA LIBROS
Número Internacional Normalizado del libro 0802802362
040 ## - FUENTE DE CATALOGACIÓN
Agencia de catalogación original DLC
Idioma de catalogación eng
Agencia que realiza la modificación m/c
-- CO-MdFUSB
-- LML
Agencia que realiza la transcripción CO-MdFUSB
Convenciones de la descripción rda
041 ## - CÓDIGO DE IDIOMA
Código de idioma para texto/pista de sonido o título separado eng
082 ## - NÚMERO DE CLASIFICACIÓN DECIMAL DEWEY
Número de la edición del Dewey 23
Número de clasificación 222.606
Clave de autor-Numero de item D514
100 ## - ASIENTO PRINCIPAL--NOMBRE PERSONAL
Nombre personal De Vries, Simon J.
Término relacionador autor
245 10 - TÍTULO
Título del Material 1 and 2 Chronicles
Mención de responsabilidad, etc. / Simon J. De Vries
264 #1 - PRODUCCIÓN, PUBLICACIÓN, DISTRIBUCIÓN, MANUFACTURA, Y COPYRIGHT
Lugar de producción, publicación, distribución, manufactura Grand Rapids, Mich. :
Nombre del productor, publicador, distribuidor William B. Eerdmans Pub. Co.,
Fecha de producción, publicación, distribución, manufactura, o copyright [1989]
264 #4 - PRODUCCIÓN, PUBLICACIÓN, DISTRIBUCIÓN, MANUFACTURA, Y COPYRIGHT
Fecha de producción, publicación, distribución, manufactura, o copyright © 1989
300 ## - DESCRIPCIÓN FÍSICA
Extensión 439 páginas ;
Dimensiones 23 cm.
336 ## - TIPO DE CONTENIDO
Término de tipo de contenido texto
Código de tipo de contenido txt
Fuente rdacontent.
337 ## - TIPO DE MEDIO
Nombre del tipo de medio sin mediación
Código del tipo de medio n
Fuente rdamedia.
338 ## - TIPO DE SOPORTE
Nombre del tipo de soporte volumen
Código Tipo de soporte nc
Fuente rdacarrier.
490 1# - MENCIÓN DE SERIE
Mención de serie The forms of the Old Testament literature
505 ## - NOTA DE CONTENIDO
Nota de contenido con formato preestablecido Introducción a Crónicas -- Los materiales genealógicos : la tabla de organización del Israel ideal -- Las unidades individuales -- El marco narrativo : la historia del Israel ideal completando los Sábados de su tierra -- Las unidades individuales.
520 ## - NOTA DE RESUMEN, ETC.
Nota de sumario, etc. <br/>Este libro es el volumen 11 de Las formas de la literatura del Antiguo Testamento, una serie de 24 volúmenes que tiene como objetivo presentar un análisis crítico de forma de cada libro y cada unidad del Antiguo Testamento (Biblia hebrea). En su introducción, De Vries esboza el escenario canónico de los libros de Crónicas, especialmente su relación con Esdras-Nehemías, y luego analiza las versiones redactadas y originales de Crónicas. El describeCrónicas como historia genealógica y narrativa que cuenta quién es el Israel ideal, cómo ha sufrido por su infidelidad, y cómo seguirá siendo el verdadero Israel confiando en Dios. Siguiendo el formato de serie a lo largo de su obra, De Vries ofrece un análisis de la estructura, el género, el escenario y la intención de cada sección del texto bíblico. Las bibliografías guían al lector hacia una mayor discusión; un glosario de fórmulas y géneros concluye el volumen
563 t# - NOTA DE ENCUADERNACIÓN
Nota de encuadernación Rústico
630 07 - TITULO UNIFORME
Título uniforme Biblia.
Nombre de parte o sección de la obra Crónicas, 1.ª
Subdivisión de materia general Crítica, interpretación, etc
830 ## - PUNTO DE ACCESO ADICIONAL DE SERIE - TÍTULO UNIFORME
Título uniforme The forms of the Old Testament literature
942 ## - TIPO DE MATERIAL (KOHA)
Tipo de Item KOHA Libros General
945 ## - INFORMACIÓN LOCAL DEL REGISTRO
Catalogador JTF-925
Existencias
Estado de Material Estado de Perdido Forma de Clasificación Estado de Dañado No para Préstamo Colección Biblioteca de Origen Biblioteca Permanente Fecha de Adquisición Área Total de Préstamos Signatura Topográfica Código de Barras Última vez visto Ejemplar/Existencia Fecha de Remplazo Tipo de Material
    Dewey Decimal Classification     Colección General Biblioteca FUSBC Biblioteca FUSBC 07/05/2022 BIBLIA   G 222.606 D514c 20288 07/05/2022 Ej. 1 07/05/2022 Libros General

Biblioteca FUSBC | Teléfono: (57+4) 349 88 10 Ext. 141| WhatsApp (+57) 3005338115 
E-mail: biblioteca@unisbc.edu.co | Calle 76 87-14 Robledo Palenque, Medellín, Colombia

Con tecnología Koha